<?xml version="1.0" encoding="UTF-8"?>
<collection xmlns="http://www.loc.gov/MARC21/slim">
 <record>
  <leader>00749nam a22001815a 4500</leader>
  <controlfield tag="001">EEA.libagro011571</controlfield>
  <controlfield tag="008">241213s2024####ag############000#0#und#d</controlfield>
  <controlfield tag="005">20250218121149.0</controlfield>
  <datafield tag="245" ind1="1" ind2="0">
   <subfield code="a">Prácticas agronómicas para el sudoeste bonaerense :</subfield>
   <subfield code="b">un enfoque para la disminución de la unidad económica agraria /</subfield>
   <subfield code="c">Mariano Menghini y Verónica Piñeiro . comp.</subfield>
  </datafield>
  <datafield tag="260" ind1=" " ind2=" ">
   <subfield code="a">Bahía Blanca :</subfield>
   <subfield code="b">EdiUNS,</subfield>
   <subfield code="c">2024.</subfield>
  </datafield>
  <datafield tag="300" ind1=" " ind2=" ">
   <subfield code="a">96 p. :</subfield>
   <subfield code="b">29,5 cm. ;</subfield>
   <subfield code="c">30 cm.</subfield>
  </datafield>
  <datafield tag="020" ind1=" " ind2=" ">
   <subfield code="a">9789876553704</subfield>
  </datafield>
  <datafield tag="100" ind1="1" ind2=" ">
   <subfield code="a">Menghini, Mariano.</subfield>
  </datafield>
  <datafield tag="700" ind1="1" ind2=" ">
   <subfield code="a">Piñeiro, Verónica.</subfield>
  </datafield>
  <datafield tag="082" ind1="0" ind2="4">
   <subfield code="a">338.16</subfield>
  </datafield>
  <datafield tag="859" ind1=" " ind2=" ">
   <subfield code="a">AR-BbBCA</subfield>
   <subfield code="b">BIB. AGRONOMIA</subfield>
   <subfield code="h">338.16</subfield>
   <subfield code="i">M544</subfield>
   <subfield code="p">2024/7397</subfield>
  </datafield>
  <datafield tag="859" ind1=" " ind2=" ">
   <subfield code="a">AR-BbBCA</subfield>
   <subfield code="b">BIB. AGRONOMIA</subfield>
   <subfield code="h">338.16</subfield>
   <subfield code="i">M544</subfield>
   <subfield code="p">2024/7398</subfield>
   <subfield code="t">Ej.2</subfield>
  </datafield>
  <datafield tag="859" ind1=" " ind2=" ">
   <subfield code="a">AR-BbBCA</subfield>
   <subfield code="b">BIB. AGRONOMIA</subfield>
   <subfield code="h">338.16</subfield>
   <subfield code="i">M544</subfield>
   <subfield code="p">2024/7399</subfield>
   <subfield code="t">Ej.3</subfield>
  </datafield>
 </record>
</collection>
